=LDR 00000nam 2200000 4500 =001 000750 =005 20250712013309 =035 ##$$a 0010-0725000618 =007 ta =008 250712################a##########0#ind## =020 ##$$a 978-623-472-329-8 =082 ##$$a 398.209 598 =084 ##$$a 398.209 598 TRA c =100 #$$a Tran, Hieu =245 1#$$a Cerita dari Hanoi /$c Hieu Tran =250 ##$$a Cetakan Pertama =260 ##$$a Jakarta :$b Badan Pengembangan dan Pembinaan Bahasa,$c 2024 =300 ##$$a 24 hlm. : $b ilus.$e 22,9 cm =650 #4$$a Cerita Anak Indonesia-Terjemahan =650 #4$$a Literasi-Bahan Bacaan =856 ##$$a TBM As Suhada =990 ##$$a TBM202400704